| 000 | 00668cam a2200229 a 4500 | ||
|---|---|---|---|
| 001 | 000007487 | ||
| 005 | 20200929154204.0 | ||
| 008 | 900512s1989 sp 001 0 spa | ||
| 020 | _a847683103X | ||
| 035 | _a(DLC) 90154924 | ||
| 040 |
_aDO-SdBNP _cDLC _dBNPHU |
||
| 082 |
_a864.64 _bS129m |
||
| 100 | 1 |
_aSagrera, Martín. _920801 |
|
| 245 | 1 | 4 |
_aLas mil Españas : _bartículos y cartas al país / _cMartín Sagrera. |
| 260 |
_aMadrid : _bH-F, _c1989. |
||
| 300 |
_a702 p. ; _c20 cm. |
||
| 650 | 4 |
_aEnsayos españoles _93095 |
|
| 650 | 4 |
_aCartas españolas _99744 |
|
| 650 | 4 |
_aLiteratura española _9632 |
|
| 910 | _aCatalogación por copia / LC | ||
| 049 | _aBNGR | ||
| 999 |
_c7268 _d7268 |
||